00623nam a2200193Ia 4500008004100000020001500041041001200056082001600068100001600084245005000100250000800150260003700158300000800195650001600203700001700219942000700236999001500243952017100258221030s9999 xx 000 0 und d a8178085593 aEnglish a105.23bToc aR. J. Tocci 0aDigital Systemscby R. J. Tocci, N. S. Widmer a8th bPearson EducationaDelhic2005 a907 aBE Computer aN. S. Widmer cBK c1714d1714 pBE 7867g295.00l0o105.23 Tocr2024-06-13 00:00:00w2022-10-30yBK003Print4070aMIETLIBbMIETLIBcBL-Academic Block C, FL-2, CUP-93, SH-2, R-2d2006-02-2710HBE